00531nam a2200193Ia 4500008004100000020001800041050001600059050001400075245005500089260001600144260002700160260000900187300001600196300001100212500004100223650003100264650001500295650002700310180523s9999 xx 000 0 und d a81-7473-156-3 aMAIN RA 784 b.M36 2002 4aThe Management of nutrition in major emergencies / aNew Delhi : bA.I.T.B.S. Publishers, c2002 a236 pages : c29 cm. aIncludes bibliographical references. aNutrition -- Requirements. aNutrition. xEmergency food supply.